Statistics for Random Groups of Three

Click here to take the quiz!

General Stats

  • This quiz has been taken 414 times
  • The average score is 23 of 36

Answer Stats

HintAnswer% Correct
Blue
98%
Primary ColorsRed
98%
Yellow
97%
BLT SandwichBacon
94%
Lettuce
94%
Tomato
94%
Holy TrinityFather
92%
Holy Spirit
92%
Son
92%
Dave's ChipmunksAlvin
85%
Brick
84%
Little Pigs' HomesStraw
82%
Stick
80%
Theodore
76%
Santa Maria
73%
Simon
72%
"No Evil" StatueHear No...
68%
See No...
68%
Pinta
65%
Speak No...
65%
Christopher Columbus' ShipsNiña
64%
The Three StoogesMoe
61%
Curly
58%
Larry
56%
Paper
56%
"Tool/Object" Hand GameRock
56%
Scissors
56%
Porthos
47%
Aramis
44%
MusketeersAthos
41%
Fauna
18%
Aurora's Fairy "Aunts"Flora
18%
Merryweather
18%
Zac
16%
Taylor
13%
Hanson Brothers (Band)Isaac
11%

Score Distribution

Percentile by Number Answered

Percent of People with Each Score

Your Score History

You have not taken this quiz